La filosofía de la no violencia en Guatemala: retirándose de la violencia a través del Hip Hop /
Enregistré dans:
| Auteur principal: | |
|---|---|
| Format: | Texte |
| Langue: | Spanish |
| Sujets: | |
| Tags: |
Ajouter un tag
Pas de tags, Soyez le premier à ajouter un tag!
|
MARC
| LEADER | 00000 a a2200000 04500 | ||
|---|---|---|---|
| 001 | 48610 | ||
| 003 | cru CIDCACS/IIS | ||
| 005 | 20210615125231.0 | ||
| 008 | 210615b |||||||| |||| 00| 0 spa d | ||
| 040 | |c cru CIDCACS/IIS | ||
| 100 | 1 | |a Sepúlveda, Monserrat | |
| 245 | 1 | 3 | |a La filosofía de la no violencia en Guatemala: |b retirándose de la violencia a través del Hip Hop / |c Monserrat Sepúveda |
| 500 | |a Colección Centroamérica | ||
| 650 | 0 | |9 133 |a VIOLENCIA | |
| 650 | 0 | |9 4338 |a MUSICA | |
| 651 | 0 | |9 142 |a GUATEMALA | |
| 773 | |g número40, (2010), páginas 263-288 : ilustración | ||
| 773 | 0 | |0 18765 |9 5758 |a Universidad de Costa Rica. |d San José, Costa Rica: Editorial Universidad de Costa Rica, 1974- |o 17406 |t Anuario de Estudios Centroamericanos / |x 03777316 | |
| 942 | |2 ddc |c PP | ||
| 999 | |c 26635 |d 26635 | ||
